000 00710nam a22002177a 4500
005 20171103151320.0
010 _aENG-121213
020 _c500.00(app.)
035 _aEN-104745
037 _bDBAD/PUB
082 _a347.052
100 _aManohar
245 _aThe AIR. manual :
_bunrepealed central acts (civil and criminal) /
_cby Manohar [and] Chitaley
250 _a6th ed.
260 _aNagpur
_bThe All India Reporter
_c2016
270 _aPost Box No. 209, Congress Nagar
_bNagpur
_e440012
300 _avols-39-(xvi,1764p.)
_c25cm(Hb)
505 _avol-39-penal code,1860 section 410 to prevention of corruption act,1988
700 _aChitaley
942 _2ddc
_cEN
_h347.52
_mMAN
999 _c147144
_d147144